Euroopan maantiedettä kirjaimittain - H - Statistics

Yleistilastot
  • Tätä visaa on pelattu 1 017 kertaa
  • Keskiarvotulos 10 / 20
Vastaustilastot
Vihje Vastaus % Oikein
Suomen pääkaupunki Helsinki
100%
Tornion kanssa kaksoiskaupungin muodostava ruotsalainen kaupunki Haaparanta
83%
Alankomaiden alue, joka sekoitetaan usein valtion kanssa Hollanti
82%
Saksan toiseksi suurin kaupunki Hampuri
78%
Lontoon suurin lentoasema Heathrow
75%
Historiallinen maakunta Suomen eteläisissä sisäosissa Häme
67%
Alankomaiden parlamentti sijaitsee täällä Haag
60%
Islannin aktiivisin tulivuori, joka purkautui viimeksi vuonna 2000 Hekla
55%
Legendaarinen hiihtokilpailuja järjestävä Oslon osa-alue Holmenkollen
53%
Myöhemmin moskeijana ja museona toiminut bysanttilainen kirkko Istanbulissa Hagia Sofia
51%
Ukrainan toiseksi suurin kaupunki Harkova
51%
Nykyisten Kroatian ja Montenegron alueiden välissä sijaitseva historiallinen maakunta, jonka nimi on osa nykyisen valtion nimeä Hertsegovina
50%
Viron toiseksi suurin saari Hiidenmaa
47%
Brittiläinen kuningasperhe on alun perin lähtöisin tästä Ala-Saksin kaupungista Hannover
35%
Lontoon suurin kuninkaallinen puisto, jonka yhdellä alueella kuka tahansa voi pitää puheen Hyde Park
31%
Roomalaisten rakentama valli Englannin pohjoisosissa {Hadrianuksen} valli
28%
Osavaltio Saksan keskiosissa Hessen
28%
Saariryhmä Skotlannin länsipuolella Hebridit
27%
Saksan vanhin yliopisto sijaitsee tässä suositussa matkailukaupungissa Heidelberg
22%
Harald Godwininpojan ja Vilhelm Valloittajan välillä vuonna 1066 Englannissa käydyn taistelun tapahtumapaikka Hastings
15%
Ehtoja vastaavia visoja ei löytynyt
Tulosjakauma
Jokaisen tuloksen saaneiden osuus
Persentiili vastausten määrän mukaan
Tuloshistoriasi
Et ole pelannut tätä visaa